Biblioteca

Paul and the competing mission in Corinth (Registro nro. 46881)

Detalles MARC
000 -LÍDER
Campo fijo de descripción fija 01501cam a2200385 i 4500
001 - NÚMERO DE CONTROL
Campo de control 768717001
003 - IDENTIFICADOR DEL NÚMERO DE CONTROL
Campo de control CO-MdFUSB
005 - FECHA Y HORA DE LA ULTIMA TRANSACCIÓN
control field 20200528183715.0
007 - CAMPO FIJO DE DESCRIPCIÓN FIJA--INFORMACIÓN GENERAL
Campo fijo de descripción fija ta
008 - ELEMENTOS DE LONGITUD FIJA -- INFORMACIÓN GENERAL
Campo fijo de descripción fija -- Información general 160920t2001 -us |||| |||| 00| 0 eng d
020 ## - NÚMERO INTERNACIONAL NORMALIZADO PARA LIBROS
Número Internacional Normalizado del libro 9781565633797
040 ## - FUENTE DE CATALOGACIÓN
Agencia de catalogación original CO-MdFUSB
Idioma de catalogación Español
Agencia que realiza la transcripción CO-MdFUSB
Agencia que realiza la modificación CO-MdFUSB
Convenciones de la descripción rda
041 ## - CÓDIGO DE IDIOMA
Código de idioma para texto/pista de sonido o título separado eng
082 ## - NÚMERO DE CLASIFICACIÓN DECIMAL DEWEY
Número de la edición del Dewey 24
Número de clasificación G 227.206
Clave de autor-Numero de item G698p
100 1# - ASIENTO PRINCIPAL--NOMBRE PERSONAL
Nombre personal Goulder, Michael D.
Término relacionador autor
245 00 - TÍTULO
Título del Material Paul and the competing mission in Corinth
Mención de responsabilidad, etc. / Michael D. Goulder
264 #1 - PRODUCCIÓN, PUBLICACIÓN, DISTRIBUCIÓN, MANUFACTURA, Y COPYRIGHT
Lugar de producción, publicación, distribución, manufactura Estados Unidos :
Nombre del productor, publicador, distribuidor Hendrickson Publishers,
Fecha de producción, publicación, distribución, manufactura, o copyright [2008]
264 #4 - PRODUCCIÓN, PUBLICACIÓN, DISTRIBUCIÓN, MANUFACTURA, Y COPYRIGHT
Fecha de producción, publicación, distribución, manufactura, o copyright © 2008
300 ## - DESCRIPCIÓN FÍSICA
Extensión xiv, 303 páginas
Dimensiones ; 23 cm
336 ## - TIPO DE CONTENIDO
Fuente rdacontent
Término de tipo de contenido texto
Código de tipo de contenido txt
337 ## - TIPO DE MEDIO
Fuente rdamedia
Nombre del tipo de medio sin mediación
Código del tipo de medio n
338 ## - TIPO DE SOPORTE
Fuente rdacarrier
Nombre del tipo de soporte volumen
Código Tipo de soporte nc
500 ## - NOTA GENERAL
Nota General Colección Dawn Christina Harrell<br/>
501 ## - NOTA DE “CON”
Nota de Contenido Rústico
505 0# - NOTA DE CONTENIDO
Nota de contenido con formato preestablecido Dioses ascendiendo - Cefas en 1 Corintios - Cefas en 2 Corintios - La sabiduría y la Torá en 1 Corintios 1 - La sabiduría y la Torá en 1 Corintios 2-16 - El antiguo pacto - Conocimiento y visión - ¿Libertinos? - Las mujeres y la ascesis - Sexo y Dios - Sacrificios a ídolos - "No hay resurrección de los muertos" - Otro Jesús - Un escenario de la iglesia de Corinto, 50-56 CE
563 ## - NOTA DE ENCUADERNACIÓN
Nota de encuadernación Rústico
600 07 - ASIENTO SECUNDARIO DE MATERIA - NOMBRE PERSONAL
Nombre personal Pablo
Títulos y otros términos asociados al nombre Santo
630 07 - TITULO UNIFORME
Título uniforme Biblia
Subdivisión de forma Comentarios
630 07 - TITULO UNIFORME
Título uniforme Biblia.
Nombre de parte o sección de la obra Nuevo Testamento
630 07 - TITULO UNIFORME
Título uniforme Biblia.
Nombre de parte o sección de la obra Corintios, 1ª
630 07 - TITULO UNIFORME
Título uniforme Biblia.
Nombre de parte o sección de la obra Corintios, 2ª
942 ## - TIPO DE MATERIAL (KOHA)
Tipo de Item KOHA Libros General
945 ## - INFORMACIÓN LOCAL DEL REGISTRO
Catalogador JTF-925
Revisión registro AEM-53
Existencias
Estado de Material Estado de Perdido Forma de Clasificación Estado de Dañado No para Préstamo Colección Tomo Biblioteca de Origen Biblioteca Permanente Fecha de Adquisición Total de Préstamos Signatura Topográfica Código de Barras Última vez visto Última vez Préstado Ejemplar/Existencia Fecha de Remplazo Tipo de Material
    Dewey Decimal Classification     Colección General   Biblioteca FUSBC Biblioteca FUSBC 31/07/2015 1 G 227.206 G698p 20349 12/12/2019 23/05/2018 Ej. 1 26/01/2016 Libros General

Biblioteca FUSBC | Teléfono: (57+4) 349 88 10 Ext. 141| WhatsApp (+57) 3005338115 
E-mail: biblioteca@unisbc.edu.co | Calle 76 87-14 Robledo Palenque, Medellín, Colombia

Con tecnología Koha